LEADER 01257nam0-22004211i-450- 001 990001356400403321 005 20110728202545.0 010 $a0-8218-0310-7 035 $a000135640 035 $aFED01000135640 035 $a(Aleph)000135640FED01 035 $a000135640 100 $a20001205d1995----km-y0itay50------ba 101 0 $aeng 102 $aUS 200 1 $aRepresentation theory and harmonic analysis$ea conference in honor of Ray A. Kunze, January 12-14, 1994, Cincinnati, Ohio$fTuong Ton-That, coordinating editor 210 $aProvidence$cAmerican Mathematical Society$d1995 215 $axii, 254 p.$d26 cm 225 1 $aContemporary mathematics$v191 610 0 $aGruppi topologici di lie$aCongressi 610 0 $aAnalisi armonica 676 $a515.785 702 1$aGross,$bKenneth I. 702 1$aKunze,$bRay A. 702 1$aRichards,$bDonald ST. P. 702 1$aSally,$bPaul 702 1$aTon-That,$bTuong 801 0$aIT$bUNINA$gRICA$2UNIMARC 901 $aBK 912 $a990001356400403321 952 $aC-1-(191$b14550$fMA1 959 $aMA1 962 $a22EXX 962 $a43A65 962 $a43A95 962 $a43A90 996 $aRepresentation theory and harmonic analysis$9375822 997 $aUNINA LEADER 01283nam a2200277 i 4500 001 991003997879707536 005 20020509152223.0 008 000320s1983 it ||| | ita 035 $ab11246613-39ule_inst 035 $aPARLA192951$9ExL 040 $aDip.to Scienze Storiche Fil. e Geogr.$bita 082 0 $a329 100 1 $aD'Antonio, Mario$0120078 245 13$aIl partito politico di fronte allo Stato, di fronte a se stesso :$braccolta degli statuti, dei partiti, dei regolamenti dei gruppi parlamentari, rassegna della giurisprudenza, progetti di disciplina legislativa, legge sul finanziamento e bilanci /$c[a cura di] Mario D'Antonio, Guglielmo Negri 250 $a2. ed 260 $aMilano :$bGiuffre,$c1983 300 $aVIII, 655 p. ;$c21 cm. 500 $aTit. dell'ed. precedente: Raccolta degli statuti dei partiti politici in Italia. 650 4$aPartiti$xStatuti$zItalia 700 1 $aNegri, Guglielmo 907 $a.b11246613$b21-09-06$c01-07-02 912 $a991003997879707536 945 $aLE009 STOR.69.1-18$g1$i2009000023109$lle009$o-$pE0.00$q-$rn$so $t0$u0$v0$w0$x0$y.i11406045$z01-07-02 996 $aPartito politico di fronte allo Stato, di fronte a se stesso$9869187 997 $aUNISALENTO 998 $ale009$b01-01-00$cm$da $e-$fita$git $h3$i1